000 00379nam a2200145Ia 4500
008 240729s9999 xx 000 0 und d
022 _a2296-6463
245 0 _aFrontiers in Earth Science
260 _aSwitzerland
260 _bFrontiers Media S.A.
650 _aScience
856 _uhttps://doaj.org/toc/42206db19d47471ba85416f70032883f
942 _2ddc
942 _cDOAJEJ
999 _c67374
_d67374
945 _a1
_bMadushi Gamage
_c1
_dMadushi Gamage